01843 a2200133 4500001000700000020001900007040003200026100002000058245002200078250000600100260001600106362000900122520157800131128244 a978-8516006327 cEscola Canadense de Niteroi aKupstas, Marcia10aO Poço da Bruxa a1 aSão Paulo0 a1988 aMuitas vezes sem ter com quem dividir dúvidas e riscos, algumas mães precisam fazer mágica para educar os filhos. Resumindo: para não deixar a peteca cair, é preciso, antes de qualquer coisa, ter o dom da criatividade à flor da pele. E exercê-lo sempre. Esse é o caso da mãe de Zacarias, protagonista de O filho da bruxa , de Marcia Kupstas. O menino garante que ela é uma bruxa. Mas não daquelas feias ou velhas, rodeada de morcegos e caldeirões. Trata-se de uma pessoa comum, exceto pelos poderes mágicos. Por meio deles, oferece ao filho emoções únicas. Tem, por exemplo, um escorpião venenoso que corta as unhas do menino. Já no castigo do sótão, ele costuma fazer confidências com um sábio dragão com mais de 1.000 anos. No quintal de casa, encontra fadas que temem gatos falantes. E para falar a verdade, lá, até a comida é bem diferente da que Zacarias costuma encontrar na casa de seus amigos. Já imaginaram a mistura de purê de batata e arroz com pedaços de besouro? Que delícia! Mas é na hora da brincadeira que a festa se completa, com a mãe conseguindo transportá-lo para dentro de seu desenho predileto para viver eletrizantes aventuras. Assim como os adultos, as crianças não escapam aos problemas. Também elas têm a parte que lhes cabe de desconforto no dia-a-dia. Mas só que os pequenos levam vantagem sobre os grandes. Afinal são eles os maiores fazedores de fantasia. Munição não lhes falta para vencer os obstáculos que a sorte cisma em jogar no meio de seus caminhos.